000 00674nas a2200277 4500
001 BR9104444
003 BR-BrBNA
005 20231205092207.0
007 ta
008 230509b bl.|||p| |||| 00| 00por d
040 _aBR-BrBNA
_bpor
_cBiblioteca Nacional de Agricultura
041 _a(Pt)
072 _aF01
100 1 _aAnon.
245 1 _aO plantio [fruta]
650 _aFRUTA
650 _aPLANTIO
650 _aMUDA
650 _aENXERTO
650 _aIRRIGACAO
650 _aPRATICA CULTURAL
650 _aPRATICO
773 0 _tGuia Rural (Brazil)
_x
_g(1991), p. 77-96
_wBR9104444
909 _a202311
_bLúcia
_c55
_dLúcia Elande
942 _2AGRIS
_n0
_cANA
999 _c129997
_d129997